Do you know Ukraine - Statistics

General Stats
  • This quiz has been taken 31 times
  • The average score is 8 of 12
Answer Stats
Hint Answer % Correct
Location (Continent) Europe
100%
Capital Kyiv
100%
Which other color than blue is in the Ukrainian flag Yellow
100%
Who was Ukraine a part of during WW2 Soviet Union
86%
Famous nuclear power plant that exploded Chernobyl
82%
Russia annexed peninsula Crimea
79%
2nd largest city in Ukriane Kharkiv
61%
Current president (2022) Volodymyr Zelenskyy
57%
What is Ukraines largest export Wheat
54%
Largest plane in the world (Which is from Ukraine) Antonov
18%
National animal Nightingale
18%
National airline Ukraine International Airline
4%
No matching quizzes found
Score Distribution
Percent of People with Each Score
Percentile by Number Answered
Your Score History
You have not taken this quiz